Megatrends 2000 / (Record no. 808)

MARC details
000 -LEADER
fixed length control field 00761nam a22002297a 4500
005 - DATE AND TIME OF LATEST TRANSACTION
control field 20230201011935.0
008 - FIXED-LENGTH DATA ELEMENTS--GENERAL INFORMATION
fixed length control field 230201b |||||||| |||| 00| 0 eng d
020 ## - INTERNATIONAL STANDARD BOOK NUMBER
International Standard Book Number 0-380-70437-4
082 ## - DEWEY DECIMAL CLASSIFICATION NUMBER
Classification number 306.0905 N158 1991
100 ## - MAIN ENTRY--PERSONAL NAME
Personal name Naisbitt, John
Relator term author
245 ## - TITLE STATEMENT
Title Megatrends 2000 /
Statement of responsibility, etc. John Naisbitt, Patricia Aburdence
260 ## - PUBLICATION, DISTRIBUTION, ETC.
Place of publication, distribution, etc. New York:
Name of publisher, distributor, etc. Avon Books,
Date of publication, distribution, etc. c1991
300 ## - PHYSICAL DESCRIPTION
Extent 416p.
500 ## - GENERAL NOTE
General note Originally published: Megatrends, 1990
504 ## - BIBLIOGRAPHY, ETC. NOTE
Bibliography, etc. note Includes index
541 ## - IMMEDIATE SOURCE OF ACQUISITION NOTE
Accession number 4993 c.1, 4994 c.2
650 ## - SUBJECT ADDED ENTRY--TOPICAL TERM
Topical term or geographic name entry element Social indicators - United States
650 ## - SUBJECT ADDED ENTRY--TOPICAL TERM
Topical term or geographic name entry element United States - Social conditions - 1980-
650 ## - SUBJECT ADDED ENTRY--TOPICAL TERM
Topical term or geographic name entry element Social prediction - United States
650 ## - SUBJECT ADDED ENTRY--TOPICAL TERM
Topical term or geographic name entry element United States - Economic conditions - 1981-2001
700 ## - ADDED ENTRY--PERSONAL NAME
Personal name Aburdence, Patricia
Relator term author
Holdings
Withdrawn status Lost status Source of classification or shelving scheme Damaged status Not for loan Home library Current library Date acquired Total Checkouts Full call number Barcode Date last seen Copy number Price effective from Koha item type
    Dewey Decimal Classification     ctu-moalboal ctu-moalboal 10/19/2016   306.0905 N158 1991 4993 02/01/2023 1 02/01/2023 Books-Reference
    Dewey Decimal Classification     ctu-moalboal ctu-moalboal 10/19/2016   306.0905 N158 1991 4994 02/01/2023 2 02/01/2023 Books-Reference